Prijmime bohatstvo darov Svätého Ducha

Bibliographic Details
Main Author: Leukanič, Augustín 1911-2001 (Author)
Format: Article
Language:Slovak
Subjects:

MARC

LEADER 00000nab a2200000 a 4500
001 vtls000586122
003 SK-MaSNL
005 20260304094505.0
008 250425c1996 xo 0 slo
015 |a SNBRB19rr/mm-uuuuu 
035 |a CL0586261 
035 |a urn:nbn:sk:snk-abd2te 
035 |a (urnnbn)urn:nbn:sk:snk:ar-0027e6 
035 |a (uuid)60efc225-545d-4f7d-8cb3-731b57ae789d 
040 |a SNKBUCL  |b slo  |c SNKBUCL  |e AACR2 
041 0 |a slo 
044 |a xo  |c SK 
080 |a 231.3  |2 1981 
100 1 |a Leukanič, Augustín  |d 1911-2001  |4 aut  |9 12581 
245 1 0 |a Prijmime bohatstvo darov Svätého Ducha  |c Augustín Leukanič 
650 0 7 |a Duch svätý  |2 snkbucl  |9 1927 
655 7 |a články z novín a časopisov  |2 snkbucl  |9 267496 
773 0 |t Slovo : časopis gréckokatolíckej cirkvi  |g Roč. 28, č. 10 (1996), s. 3 
850 |a Slovenská národná knižnica 
852 |a Slovenská národná knižnica 
954 |a odborná, vedecká literatúra pôvodná (slovenská)  |2 lita 
958 |a article17 
958 |a OND 
958 |a RK 
958 |a EUIPO 
992 |a RBX 
999 |c 2827421  |d 2829351